000 00516nam a22001937a 4500
003 MPLRDC
005 20220104125742.0
008 210129b ||||| |||| 00| 0 eng d
020 _a9971-63-135-0
082 _a524.9152 DZ 1983
100 _a马来西亚华文独立中学统一课程编委会编纂
245 _a南半球: 附北美洲
_c
250 _a五版
260 _a
_b泛太平洋书业私人有限
_c1983
300 _b
490 _a初中地理
650 _a
942 _cBK
_o524.9152 DZ 1983
999 _c29854
_d29844